Loading...
| Fine Arts - Classical Music and Opera | 10 | 14.00 | 100% | 30% | 10% |
| Fine Arts - Other Arts | 10 | 19.00 | 100% | 60% | 30% |
| Fine Arts - Painting and Sculpture | 12 | 16.67 | 100% | 50% | 17% |
| Geography | 3 | 26.67 | 100% | 100% | 67% |
| History - American History | 12 | 20.83 | 92% | 83% | 33% |
| History - European History | 7 | 17.14 | 71% | 71% | 29% |
| History - Other History | 9 | 25.56 | 100% | 100% | 56% |
| History - World History | 9 | 21.11 | 100% | 78% | 33% |
| Literature - American Literature | 10 | 21.00 | 100% | 90% | 20% |
| Literature - British Literature | 11 | 21.82 | 100% | 91% | 27% |
| Literature - European Literature | 11 | 19.09 | 100% | 64% | 27% |
| Literature - World Literature | 13 | 19.23 | 100% | 92% | 0% |
| Modern World | 2 | 15.00 | 100% | 50% | 0% |
| Mythology | 4 | 22.50 | 100% | 100% | 25% |
| Other Academic | 5 | 18.00 | 100% | 60% | 20% |
| Other Culture | 1 | 10.00 | 0% | 100% | 0% |
| Other Science (Computer Science) | 3 | 16.67 | 100% | 67% | 0% |
| Other Science (Earth Science) | 1 | 20.00 | 100% | 0% | 100% |
| Other Science (Engineering) | 1 | 20.00 | 100% | 100% | 0% |
| Other Science (Math) | 5 | 10.00 | 100% | 0% | 0% |
| Philosophy | 9 | 17.78 | 100% | 78% | 0% |
| Religion | 9 | 20.00 | 100% | 67% | 33% |
| Science - Biology | 8 | 18.75 | 88% | 63% | 38% |
| Science - Chemistry | 11 | 20.00 | 100% | 82% | 18% |
| Science - Physics | 11 | 14.55 | 73% | 55% | 18% |
| Social Science | 11 | 19.09 | 91% | 82% | 18% |